000
00487nam a2200181Ia 4500
008
090124s9999 xx 000 0 und d
082
_b
12906
100
_a
यशवन्त
245
_a
यशोधन
250
_a
5
260
_b
"चित्रशाळा प्रकाशन, पुणें 2."
_c
1956
300
_a
160
600
_a
यशवन्त
630
_a
यशोधन
700
_a
यशवन्त
730
_a
यशोधन
942
_c
BOOK
999
_c
87318
_d
87318